[Event "IV Open I Like Elo"]
[Site "Roma ITA"]
[Date "2009.05.20"]
[Round "3"]
[White "Scagliarini, Bruno"]
[Black "Felici, Ettore"]
[Result "1-0"]
[WhiteElo "1925"]
[BlackElo "1691"]
[PlyCount "77"]
[EventDate "2009.05.06"]

1. c4 Nf6 2. Nc3 e6 3. e4 d6 4. d4 Be7 5. Nf3 O-O 6. Be2 Nbd7 7. O-O e5 8. b3
b6 9. Bb2 Bb7 10. Qc2 exd4 11. Nxd4 Re8 12. Rad1 Bf8 13. f3 g6 14. Qd2 Bg7 15.
Nd5 Nc5 16. Nc2 Rc8 17. Ncb4 a5 18. Nxf6+ Bxf6 19. Nd5 Be5 20. Bxe5 Rxe5 21.
Qf4 Bxd5 22. Rxd5 Qe7 23. Rfd1 Re8 24. Bd3 c6 25. Rxe5 Qxe5 26. Qxe5 dxe5 27.
Bc2 Ne6 28. Rd6 Nd4 29. Bd1 Re6 30. Rd8+ Kg7 31. Kf2 c5 32. Ke3 Kf6 33. f4 Nc6
34. Rd7 Nb4 35. a3 Nc6 36. Bg4 exf4+ 37. Kxf4 Nb8 38. Bxe6 Kxe6 39. Rb7 1-0

[Event "IV Open I Like Elo"]
[Site "Roma ITA"]
[Date "2009.05.20"]
[Round "3"]
[White "Sermoneta, Eugenio"]
[Black "Gerlando, Onofrio"]
[Result "1-0"]
[WhiteElo "1780"]
[BlackElo "1642"]
[PlyCount "167"]
[EventDate "2009.05.06"]

1. e4 e6 2. d4 d6 3. Nf3 Ne7 4. Bf4 h6 5. h4 Ng6 6. Bg3 a6 7. Bd3 Ne7 8. c4 g6
9. Nc3 Bg7 10. Rc1 Nbc6 11. d5 Na7 12. O-O e5 13. Nd2 O-O 14. f4 exf4 15. Bxf4
Bd7 16. Nf3 Bg4 17. Qd2 Kh7 18. Rce1 Ng8 19. g3 Bxf3 20. Rxf3 h5 21. e5 Nc8 22.
Ne4 dxe5 23. Ng5+ Kh8 24. Bxe5 Bxe5 25. Rxe5 Qd7 26. Ne6 Qd6 27. Nxf8 Qxe5 28.
Qf2 Nh6 29. Rxf7 Nxf7 30. Nxg6+ Kg7 31. Nxe5 Nxe5 32. Qf5 Nxd3 33. Qxd3 Nd6 34.
Qd4+ Kg6 35. Qd3+ Nf5 36. Qe4 Rf8 37. Kg2 Rf7 38. Qe8 Ng7 39. Qa8 b6 40. Qxa6
Re7 41. Qb5 Nf5 42. Qc6+ Kg7 43. Kf2 Rf7 44. Kg2 Ne3+ 45. Kg1 Rf1+ 46. Kh2 Ng4+
47. Kg2 Ne3+ 48. Kh2 Ng4+ 49. Kh3 Rf7 50. Qe6 Rf6 51. Qe7+ Rf7 52. Qd8 Nf2+ 53.
Kg2 Ne4 54. Qe8 Nf6 55. Qe5 Kf8 56. b4 Kg7 57. c5 bxc5 58. bxc5 Kg6 59. Qg5+
Kh7 60. d6 cxd6 61. cxd6 Ne4 62. Qxh5+ Kg8 63. Qg6+ Kf8 64. Qxe4 Ra7 65. Qe7+
Rxe7 66. dxe7+ Kxe7 67. g4 Kf6 68. Kf3 Ke5 69. a4 Kd5 70. g5 Ke5 71. Kg4 Ke6
72. a5 Kd6 73. g6 Ke6 74. Kg5 Ke7 75. a6 Kf8 76. h5 Ke7 77. a7 Ke6 78. h6 Ke7
79. h7 Ke6 80. g7 Kf7 81. g8=Q+ Ke7 82. a8=Q Kd7 83. h8=Q Kc7 84. Qgd8# 1-0

[Event "IV Open I Like Elo"]
[Site "Roma ITA"]
[Date "2009.05.20"]
[Round "3"]
[White "Sinbaldi, Francesco"]
[Black "Maggi, Luigi"]
[Result "0-1"]
[WhiteElo "1407"]
[BlackElo "1876"]
[PlyCount "46"]
[EventDate "2009.05.06"]

1. e4 e6 2. d3 d5 3. Nd2 c5 4. Ngf3 Nc6 5. g3 Nf6 6. Bg2 Be7 7. O-O O-O 8. Re1
Qc7 9. Nf1 dxe4 10. dxe4 Rd8 11. Bd2 b6 12. Qc1 Bb7 13. h3 Nd4 14. Bf4 Nxf3+
15. Bxf3 e5 16. Bd2 b5 17. Bg2 Ne8 18. Ne3 Nf6 19. f3 a5 20. Re2 c4 21. Rf2 Bc5
22. c3 Rd7 23. Qf1 Rxd2 0-1

[Event "IV Open I Like Elo"]
[Site "Roma ITA"]
[Date "2009.05.20"]
[Round "3"]
[White "Tocco, Paolo"]
[Black "Pala, Giorgio"]
[Result "1-0"]
[WhiteElo "2175"]
[BlackElo "1983"]
[PlyCount "43"]
[EventDate "2009.05.06"]

1. d4 d5 2. e4 dxe4 3. Nc3 Nf6 4. f3 c6 5. Bg5 e3 6. Bxe3 Bf5 7. Qd2 e6 8. Nge2
Nbd7 9. g4 Bg6 10. Nf4 Bb4 11. h4 e5 12. Nfe2 h5 13. Bg5 Qa5 14. dxe5 Qxe5 15.
O-O-O O-O-O 16. Bf4 Qa5 17. g5 Nb6 18. Qe3 Nc4 19. Bh3+ Bf5 20. Bxf5+ Qxf5 21.
Qxa7 Bd6 22. Bxd6 1-0

[Event "IV Open I Like Elo"]
[Site "Roma ITA"]
[Date "2009.05.27"]
[Round "4"]
[White "Caparrotta, Federico"]
[Black "Barbieri, Massimiliano"]
[Result "1-0"]
[WhiteElo "1884"]
[BlackElo "1302"]
[PlyCount "111"]
[EventDate "2009.05.06"]

1. e4 e5 2. Nf3 Nc6 3. Bb5 Bc5 4. c3 Nf6 5. O-O O-O 6. Re1 d6 7. d4 Bb6 8. h3
Ne7 9. dxe5 Nd7 10. exd6 Ng6 11. Bg5 f6 12. Be3 Nde5 13. Bxb6 axb6 14. Nxe5
Nxe5 15. f4 Nc6 16. dxc7 Qxc7 17. Qf3 Be6 18. Nd2 Ne5 19. Qe3 Nc4 20. Nxc4 Bxc4
21. Bxc4+ Qxc4 22. b3 Qc6 23. c4 Rfe8 24. Re2 Re7 25. Rae1 Rae8 26. Qd3 Rd7 27.
Qc3 Red8 28. e5 Rd3 29. Qb2 fxe5 30. Qxe5 Qc5+ 31. Qxc5 bxc5 32. Re8+ Rxe8 33.
Rxe8+ Kf7 34. Rc8 b6 35. Rc6 Rd4 36. Rxb6 Rxf4 37. a4 Ke7 38. Rc6 Rf5 39. a5
Kd7 40. Rb6 Kc7 41. Rb5 Kc6 42. b4 Rf4 43. Rxc5+ Kb7 44. b5 h5 45. b6 h4 46.
Rc7+ Kb8 47. a6 Rf8 48. c5 g5 49. a7+ Ka8 50. b7+ Kxa7 51. Rc8 Rxc8 52. bxc8=Q
g4 53. Qxg4 Kb7 54. Qxh4 Ka7 55. Qb4 Ka8 56. c6 1-0

[Event "IV Open I Like Elo"]
[Site "Roma ITA"]
[Date "2009.05.27"]
[Round "4"]
[White "Castillo, Juan"]
[Black "Nassetti, Francesco"]
[Result "0-1"]
[WhiteElo "1686"]
[BlackElo "1843"]
[PlyCount "104"]
[EventDate "2009.05.06"]

1. b3 c5 2. Bb2 Nc6 3. Nf3 b6 4. e3 Bb7 5. Bb5 e6 6. Qe2 Nb4 7. Na3 a6 8. Bd3
Nf6 9. Nb1 d6 10. a3 Nxd3+ 11. cxd3 Rc8 12. a4 Be7 13. Na3 O-O 14. O-O Qd7 15.
Nc4 Qd8 16. Rfe1 Nd5 17. Rec1 Nb4 18. Ne1 d5 19. Ne5 f6 20. N5f3 e5 21. Nc2
Nxc2 22. Rxc2 d4 23. e4 Qe8 24. Nh4 Rd8 25. Rb1 Bc8 26. Ba3 a5 27. Rf1 Be6 28.
Rb2 Qf7 29. Qd1 g6 30. f4 exf4 31. h3 Bd6 32. Nf3 g5 33. Qe1 Qg6 34. Rb1 Rf7
35. Qf2 f5 36. Rfe1 Re7 37. Re2 Ree8 38. Rbe1 fxe4 39. Rxe4 Bxb3 40. Rxe8+ Rxe8
41. Rxe8+ Qxe8 42. Nxg5 Bxa4 43. Ne4 Qe5 44. Qf3 Kh8 45. Qg4 Bf8 46. Qc8 Qe7
47. Qf5 Bc2 48. Ng5 Bxd3 49. Nf7+ Kg8 50. Qxd3 Qxf7 51. Qf3 Be7 52. d3 Qe6 0-1

[Event "IV Open I Like Elo"]
[Site "Roma ITA"]
[Date "2009.05.27"]
[Round "4"]
[White "De Maria, Isaia"]
[Black "Scagliarini, Bruno"]
[Result "1/2-1/2"]
[WhiteElo "1884"]
[BlackElo "1925"]
[PlyCount "97"]
[EventDate "2009.05.06"]

1. e4 e6 2. d4 d5 3. Nc3 dxe4 4. Nxe4 Nd7 5. Nf3 Ngf6 6. Bd3 Nxe4 7. Bxe4 Nf6
8. Bd3 c5 9. c3 cxd4 10. cxd4 Be7 11. O-O O-O 12. Qe2 b6 13. Bd2 Bb7 14. a4 Qd5
15. Ba6 Bxa6 16. Qxa6 Bd6 17. Rfc1 Qh5 18. Qd3 Nd5 19. Rc6 Bf4 20. Bxf4 Nxf4
21. Qe4 Qg4 22. Nd2 Ne2+ 23. Kf1 Qxe4 24. Nxe4 Nxd4 25. Rc7 f6 26. Rac1 a6 27.
Rb7 Rfc8 28. Rd1 e5 29. Rxb6 Rc4 30. Nc3 Ra7 31. Rd3 Kf7 32. f3 Ke7 33. Rd2 Kd7
34. Rb8 Rc6 35. Ne2 Rd6 36. Nxd4 exd4 37. Ke2 Ke6 38. Kd3 Kd5 39. b4 Rc7 40. b5
Rc3+ 41. Ke2 Re6+ 42. Kf2 axb5 43. Rd8+ Kc6 44. axb5+ Kxb5 45. R8xd4 Re7 46.
Rd7 Rc7 47. R7d5+ Kb6 48. Rd6+ Kb7 49. R6d5 1/2-1/2

[Event "IV Open I Like Elo"]
[Site "Roma ITA"]
[Date "2009.05.27"]
[Round "4"]
[White "Felici, Ettore"]
[Black "Casella, Carlo"]
[Result "1-0"]
[WhiteElo "1691"]
[BlackElo "1607"]
[PlyCount "59"]
[EventDate "2009.05.06"]

1. Nf3 d5 2. e3 Nc6 3. d4 Nf6 4. Nbd2 e6 5. c3 Bd6 6. Bd3 O-O 7. O-O Re8 8. Qc2
h6 9. e4 dxe4 10. Nxe4 Nxe4 11. Bxe4 Bd7 12. Bd2 Rb8 13. a3 Qf6 14. Be3 a6 15.
c4 Bf4 16. Rad1 Bxe3 17. fxe3 Qe7 18. Bxc6 bxc6 19. Ne5 Rf8 20. Rf2 Be8 21.
Rdf1 c5 22. Ng6 fxg6 23. Rxf8+ Qxf8 24. Rxf8+ Kxf8 25. dxc5 Kg8 26. b4 Kh7 27.
Qe4 Bd7 28. c6 Bc8 29. Qe5 Rb6 30. Qxc7 1-0

[Event "IV Open I Like Elo"]
[Site "Roma ITA"]
[Date "2009.05.27"]
[Round "4"]
[White "Festa, Simone"]
[Black "Sermoneta, Eugenio"]
[Result "0-1"]
[WhiteElo "1383"]
[BlackElo "1780"]
[PlyCount "74"]
[EventDate "2009.05.06"]

1. d4 Nf6 2. Bg5 e6 3. Bxf6 Qxf6 4. e3 b6 5. c3 Bb7 6. Nd2 d5 7. Ngf3 Bd6 8.
Bd3 O-O 9. Qc2 h6 10. O-O-O Nd7 11. Qa4 Qe7 12. Ba6 Bxa6 13. Qxa6 c5 14. Qa4 a6
15. h4 Rfc8 16. g4 cxd4 17. Qxd4 g6 18. Rdg1 b5 19. g5 h5 20. e4 dxe4 21. Nxe4
Bf4+ 22. Kb1 Rc4 23. Nf6+ Nxf6 24. gxf6 Qd6 25. Qxd6 Bxd6 26. Rd1 Rf4 27. Rd3
Bc5 28. Rf1 Rxf6 29. b4 Bb6 30. Rd6 Bc7 31. Rc6 Bf4 32. Kc2 Kg7 33. Ng5 Bxg5
34. hxg5 Rf5 35. Rg1 Rxf2+ 36. Kb3 a5 37. a3 a4# 0-1

[Event "IV Open I Like Elo"]
[Site "Roma ITA"]
[Date "2009.05.27"]
[Round "4"]
[White "Gargiulo, Mariano"]
[Black "Colantonio, Marco"]
[Result "1/2-1/2"]
[WhiteElo "1863"]
[BlackElo "1692"]
[PlyCount "83"]
[EventDate "2009.05.06"]

1. e4 d6 2. Nf3 Nf6 3. Nc3 Bg4 4. Bc4 e5 5. d3 Nc6 6. a3 Qd7 7. Bg5 Be7 8. h3
Bxf3 9. Qxf3 Nd4 10. Qd1 h6 11. Be3 Rf8 12. Bxd4 exd4 13. Nb5 c5 14. a4 a6 15.
O-O O-O-O 16. Na3 Qxa4 17. Nb5 Qb4 18. c3 Qxb2 19. Ra2 Qxa2 20. Na7+ Kb8 21.
Nc6+ bxc6 22. Bxa2 Ka7 23. Qa4 Rb8 24. Ra1 Rb6 25. Bc4 Kb7 26. Bxa6+ Kc7 27.
Bc4 Rfb8 28. cxd4 cxd4 29. Bxf7 c5 30. Qc4 Nd7 31. Bd5 Ne5 32. Ra7+ Kd8 33. Qa4
Bg5 34. Rxg7 Rb1+ 35. Kh2 Bf4+ 36. g3 Nf3+ 37. Kg2 Ne1+ 38. Kf1 Nf3+ 39. Kg2
Ne1+ 40. Kh2 Nf3+ 41. Kg2 Ne1+ 42. Kh1 1/2-1/2

[Event "IV Open I Like Elo"]
[Site "Roma ITA"]
[Date "2009.05.27"]
[Round "4"]
[White "Gatta, Flavio"]
[Black "Carotenuto, Piero"]
[Result "1/2-1/2"]
[WhiteElo "1757"]
[BlackElo "1724"]
[PlyCount "38"]
[EventDate "2009.05.06"]

1. e4 e5 2. Nf3 Nc6 3. Bb5 Nf6 4. O-O Nxe4 5. Re1 Nd6 6. Bf1 Be7 7. Nxe5 Nxe5
8. Rxe5 O-O 9. d4 Bf6 10. Re1 Nf5 11. c3 d5 12. Bf4 Nd6 13. Nd2 Bf5 14. Qb3 c6
15. a4 a5 16. Qa3 Ne4 17. Nxe4 Bxe4 18. Qb3 Qd7 19. Qd1 Rfe8 1/2-1/2

[Event "IV Open I Like Elo"]
[Site "Roma ITA"]
[Date "2009.05.27"]
[Round "4"]
[White "Granitto, Francesco"]
[Black "Capitani, Roberto"]
[Result "1-0"]
[WhiteElo "1416"]
[BlackElo "1596"]
[PlyCount "92"]
[EventDate "2009.05.06"]

1. e4 c6 2. Nf3 d5 3. e5 Na6 4. d4 Bf5 5. Bd3 Bxd3 6. Qxd3 e6 7. O-O c5 8. c3
Ne7 9. Bg5 Qb6 10. Qc2 Nc6 11. a3 Be7 12. Be3 h6 13. dxc5 Nxc5 14. b4 Qb5 15.
Bxc5 Bxc5 16. bxc5 Qxc5 17. Nbd2 O-O 18. Rfc1 Rac8 19. Nb3 Qc4 20. Nbd4 Na5 21.
Rab1 b6 22. Nb5 Nc6 23. Nd6 Qf4 24. Nxc8 Rxc8 25. Qe2 Ne7 26. Qd3 Nf5 27. Rc2
g5 28. Rb4 d4 29. cxd4 Rxc2 30. Qxc2 g4 31. d5 Ne3 32. Rxf4 Nxc2 33. Rxg4+ Kf8
34. d6 Nxa3 35. Ra4 Nb5 36. Nd4 Nxd4 37. Rxd4 Ke8 38. f4 Kd7 39. Rc4 a5 40. Kf1
b5 41. Rc7+ Kd8 42. Ke1 Ke8 43. Kd2 b4 44. Ra7 b3 45. Kc3 f6 46. Kxb3 f5 1-0

[Event "IV Open I Like Elo"]
[Site "Roma ITA"]
[Date "2009.05.27"]
[Round "4"]
[White "Maggi, Fabrizio"]
[Black "Simeone, Giulio"]
[Result "1-0"]
[WhiteElo "2053"]
[BlackElo "1970"]
[PlyCount "59"]
[EventDate "2009.05.06"]

1. c4 g6 2. e4 Bg7 3. d4 d6 4. Nc3 Nc6 5. d5 Nd4 6. Be3 c5 7. Nge2 Nxe2 8. Bxe2
Nf6 9. O-O O-O 10. f4 Qc7 11. Qd2 Ng4 12. Bxg4 Bxg4 13. f5 gxf5 14. exf5 Qd7
15. Qf2 f6 16. Rae1 Kh8 17. Qf4 Bh5 18. Qh4 Bf7 19. Rf3 a6 20. a4 Bg8 21. Ne2
Rf7 22. Qh5 Bf8 23. Nf4 Rg7 24. Ng6+ Rxg6 25. fxg6 Qe8 26. Rg3 Rb8 27. Qh4 Qxa4
28. Bh6 Bxd5 29. Bxf8 h6 30. Qxh6+ 1-0

[Event "IV Open I Like Elo"]
[Site "Roma ITA"]
[Date "2009.05.27"]
[Round "4"]
[White "Maggi, Luigi"]
[Black "Castelfranchi, Carlo"]
[Result "0-1"]
[WhiteElo "1876"]
[BlackElo "2082"]
[PlyCount "84"]
[EventDate "2009.05.06"]

1. c4 Nf6 2. Nc3 d5 3. cxd5 Nxd5 4. Nf3 g6 5. Qa4+ Nc6 6. Ne5 Ndb4 7. a3 Bg7 8.
axb4 Bxe5 9. b5 Nb8 10. e3 O-O 11. d4 Bg7 12. Be2 c6 13. O-O a6 14. bxc6 Nxc6
15. Bf3 Bd7 16. Qd1 Rc8 17. Bxc6 Bxc6 18. Bd2 e5 19. d5 Bxd5 20. Nxd5 Qxd5 21.
Ra5 Qe6 22. Bc3 Rfd8 23. Qe2 Qc4 24. Qxc4 Rxc4 25. Bxe5 Bxe5 26. Rxe5 Rb4 27.
b3 Rxb3 28. g4 Rd2 29. h4 Rdb2 30. Kg2 Rb1 31. Rxb1 Rxb1 32. h5 Kg7 33. f4 b5
34. hxg6 hxg6 35. f5 a5 36. Re7 gxf5 37. gxf5 a4 38. Ra7 Rb3 39. Kf3 a3 40. Ke4
Rb4+ 41. Ke5 Ra4 42. f6+ Kg6 0-1

[Event "IV Open I Like Elo"]
[Site "Roma ITA"]
[Date "2009.05.27"]
[Round "4"]
[White "Mulas, Icaro"]
[Black "Gamberale, Francesco"]
[Result "1-0"]
[WhiteElo "1815"]
[BlackElo "1434"]
[PlyCount "53"]
[EventDate "2009.05.06"]

1. e4 c5 2. Nf3 d6 3. d4 cxd4 4. Nxd4 Nf6 5. Nc3 a6 6. f3 e5 7. Nb3 Be6 8. Be3
d5 9. exd5 Nxd5 10. Nxd5 Bxd5 11. Qd2 Nc6 12. O-O-O Bxb3 13. cxb3 Qc7 14. Kb1
Bb4 15. Qf2 O-O 16. Bb6 Qe7 17. Bc4 Rac8 18. Rd5 Nd4 19. Bxd4 exd4 20. Qxd4 b5
21. Bd3 Rfd8 22. Rd1 Rxd5 23. Qxd5 g6 24. Be4 Ba5 25. Qb7 Qe6 26. g4 Bd8 27.
Bd5 1-0

[Event "IV Open I Like Elo"]
[Site "Roma ITA"]
[Date "2009.05.27"]
[Round "4"]
[White "Pala, Giorgio"]
[Black "Salvo, Ivano"]
[Result "1-0"]
[WhiteElo "1983"]
[BlackElo "1518"]
[PlyCount "68"]
[EventDate "2009.05.06"]

1. e4 d5 2. exd5 Qxd5 3. Nf3 Nf6 4. d4 Bf5 5. Be2 e6 6. O-O Be7 7. c4 Qd8 8.
Qb3 Qc8 9. Nc3 O-O 10. Be3 Nbd7 11. Rfd1 c6 12. Rac1 Qc7 13. Bg5 Qb6 14. Qxb6
Nxb6 15. a3 a5 16. Ne5 Rfe8 17. Be3 Nbd7 18. Nxd7 Nxd7 19. Bf3 Rad8 20. d5 Ne5
21. Be2 exd5 22. cxd5 c5 23. h3 b6 24. Nb5 Bf6 25. g4 Be4 26. g5 Be7 27. d6 Bf8
28. Nc7 Nf3+ 29. Bxf3 Bxf3 30. Nxe8 Rxe8 31. d7 Rd8 32. Bf4 Be7 33. Bc7 Bxg5
34. Bxd8 Bxd8 1-0

[Event "IV Open I Like Elo"]
[Site "Roma ITA"]
[Date "2009.05.27"]
[Round "4"]
[White "Quimi, Marco"]
[Black "Tocco, Paolo"]
[Result "0-1"]
[WhiteElo "2242"]
[BlackElo "2175"]
[PlyCount "92"]
[EventDate "2009.05.06"]

1. c4 f5 2. Nf3 Nf6 3. g3 g6 4. Bg2 Bg7 5. O-O O-O 6. Nc3 d6 7. d4 Nc6 8. b3
Ne4 9. Bb2 Nxc3 10. Bxc3 e5 11. dxe5 dxe5 12. Qxd8 Rxd8 13. Ng5 e4 14. Bxg7
Kxg7 15. Rfd1 h6 16. Rxd8 Nxd8 17. Rd1 Ne6 18. Nh3 g5 19. f3 exf3 20. exf3 Kf6
21. Nf2 Rb8 22. b4 b6 23. f4 gxf4 24. gxf4 Nxf4 25. Bc6 Be6 26. Bb5 Rg8+ 27.
Kf1 c6 28. Ba6 b5 29. Rd6 Ke7 30. Rxc6 Bxc4+ 31. Ke1 Rg1+ 32. Kd2 Rg2 33. Ke3
Nd5+ 34. Kf3 Rxh2 35. Kg3 Rh5 36. Nh3 Nxb4 37. Rc7+ Kd6 38. Rxa7 Nxa2 39. Bb7
Nc3 40. Bf3 Ne4+ 41. Bxe4 fxe4 42. Ra6+ Ke5 43. Nf2 Be2 44. Ra8 Rg5+ 45. Kh4
Kd4 46. Rh8 e3 0-1

[Event "IV Open I Like Elo"]
[Site "Roma ITA"]
[Date "2009.05.27"]
[Round "4"]
[White "Roberti, Bruno"]
[Black "Foschini, Andrea"]
[Result "1-0"]
[WhiteElo "1969"]
[BlackElo "1815"]
[PlyCount "69"]
[EventDate "2009.05.06"]

1. e4 c5 2. Nf3 e6 3. b3 Nf6 4. e5 Nd5 5. Bb2 Nc6 6. Bb5 Qb6 7. Bxc6 Qxc6 8.
O-O Be7 9. c4 Nf4 10. d4 cxd4 11. Bxd4 O-O 12. Nc3 b6 13. Be3 Ng6 14. Nd4 Qc7
15. f4 a6 16. Ne4 Bb7 17. Qd3 Rfd8 18. Rad1 d5 19. exd6 Bxd6 20. Nxd6 Rxd6 21.
Qe2 e5 22. fxe5 Nxe5 23. Qh5 Rg6 24. g3 Re8 25. Rd2 Ng4 26. Bf4 Qc8 27. Qf5 Qa8
28. Bc7 f6 29. Qd7 b5 30. c5 Ne5 31. Bxe5 fxe5 32. Nf5 Qc8 33. Ne7+ Rxe7 34.
Qxe7 Re6 35. Rd8+ 1-0

[Event "IV Open I Like Elo"]
[Site "Roma ITA"]
[Date "2009.05.27"]
[Round "4"]
[White "Ruotolo, Claudio"]
[Black "Sinbaldi, Francesco"]
[Result "1-0"]
[WhiteElo "1781"]
[BlackElo "1407"]
[PlyCount "59"]
[EventDate "2009.05.06"]

1. f4 d6 2. Nf3 g6 3. b3 Bg7 4. Nc3 Nc6 5. e3 e6 6. Bb2 e5 7. fxe5 dxe5 8. Bb5
Bd7 9. O-O Nce7 10. Bxd7+ Qxd7 11. Na4 Qd6 12. Qc1 Nc6 13. Ba3 Qd7 14. Nc5 Qc8
15. Bb2 b6 16. Nd3 f6 17. Nf2 Nge7 18. d4 O-O 19. c4 Bh6 20. Qc3 Nf5 21. Rfe1
Bxe3 22. Rxe3 Nxe3 23. Qxe3 exd4 24. Nxd4 Nxd4 25. Qxd4 Qd8 26. Qf4 Qe7 27. Ne4
f5 28. Ng3 Qd7 29. Qe5 Rf7 30. Qh8# 1-0

[Event "IV Open I Like Elo"]
[Site "Roma ITA"]
[Date "2009.05.27"]
[Round "4"]
[White "Vannelli, Vittorio"]
[Black "Bogosaljevic, Miodrag"]
[Result "1-0"]
[WhiteElo "1847"]
[BlackElo "2030"]
[PlyCount "111"]
[EventDate "2009.05.06"]

1. e4 e5 2. Nc3 Nc6 3. Bc4 d6 4. Nf3 Bg4 5. O-O Nf6 6. d3 Nd4 7. Be3 Nxf3+ 8.
gxf3 Bh3 9. Re1 g5 10. d4 Nh5 11. dxe5 Rg8 12. Kh1 Nf4 13. Bxf4 gxf4 14. Rg1
Rg6 15. Rxg6 hxg6 16. Qd5 Be6 17. Qxb7 Bxc4 18. Qc6+ Ke7 19. Qxc4 Bg7 20. exd6+
cxd6 21. Nd5+ Kf8 22. c3 Be5 23. Rg1 Kg7 24. Rg4 g5 25. Qc7 Kg6 26. Ne7+ Kf6
27. Qxd8 Rxd8 28. Nc6 Rd7 29. Rg1 Rb7 30. Nb4 a5 31. Nd5+ Kg6 32. b3 f6 33. Rd1
Kf7 34. c4 Ke6 35. Rd3 f5 36. Nc3 Bxc3 37. Rxc3 fxe4 38. fxe4 g4 39. c5 Rc7 40.
c6 Ke5 41. Rc4 f3 42. a3 d5 43. exd5 Kxd5 44. Rxg4 Rxc6 45. h4 Ke5 46. Kh2 Rc3
47. b4 axb4 48. axb4 Kf5 49. Kg3 Rb3 50. h5 Rb1 51. Rc4 Kg5 52. Rc5+ Kh6 53. b5
Rb3 54. Kg4 Kh7 55. Kg5 Rb2 56. Rc7+ 1-0

[Event "IV Open I Like Elo"]
[Site "Roma ITA"]
[Date "2009.05.27"]
[Round "4"]
[White "Zacchia, Marco"]
[Black "Mazza, Maurizio"]
[Result "0-1"]
[WhiteElo "1487"]
[BlackElo "1697"]
[PlyCount "58"]
[EventDate "2009.05.06"]

1. d4 Nf6 2. Nf3 d5 3. g3 Bg4 4. Bg2 c6 5. O-O Nbd7 6. Re1 e6 7. Bg5 Bd6 8.
Nbd2 h6 9. Bxf6 Nxf6 10. e4 dxe4 11. Nxe4 Nxe4 12. Rxe4 Bf5 13. Re1 O-O 14. c3
Qb6 15. Nd2 Bc7 16. Qb3 Rfd8 17. Qxb6 Bxb6 18. Nc4 Bc7 19. Rad1 Rd7 20. h3 Rad8
21. g4 Bh7 22. b4 Bf4 23. Bf3 Bc2 24. Ra1 Kf8 25. Bd1 Bd3 26. Bb3 Bxc4 27. Bxc4
Bd2 28. Re4 Bxc3 29. Rf4 Bxa1 0-1

[Event "IV Open I Like Elo"]
[Site "Roma ITA"]
[Date "2009.06.03"]
[Round "5"]
[White "Barbieri, Massimiliano"]
[Black "Gamberale, Francesco"]
[Result "1/2-1/2"]
[WhiteElo "1302"]
[BlackElo "1434"]
[PlyCount "95"]
[EventDate "2009.05.06"]

1. e4 c5 2. d4 cxd4 3. Qxd4 Nc6 4. Qd1 e6 5. Nf3 Nf6 6. Bd3 Be7 7. O-O O-O 8.
Nc3 a6 9. Re1 b5 10. e5 Ne8 11. Ne4 h6 12. c3 b4 13. Bc2 f5 14. exf6 Nxf6 15.
Qd3 Rf7 16. Nxf6+ Bxf6 17. Qh7+ Kf8 18. Bg6 bxc3 19. bxc3 Bxc3 20. Ba3+ d6 21.
Red1 Nd4 22. Qh8+ Ke7 23. Qxd8+ Kxd8 24. Bxf7 Nxf3+ 25. gxf3 Bxa1 26. Rxa1 Ra7
27. Bg6 Ke7 28. Rc1 Kd7 29. Bb2 Bb7 30. Kg2 e5 31. Rd1 Ke6 32. Be4 d5 33. Bg6
d4 34. Be4 Bxe4 35. fxe4 Rd7 36. Rd3 g5 37. Kg3 Rd6 38. Kg4 Rc6 39. Rh3 Rc2 40.
Rxh6+ Kf7 41. Bxd4 exd4 42. Rd6 Rxf2 43. Rxd4 Rxa2 44. Kxg5 Rg2+ 45. Kf5 Rf2+
46. Ke5 Rxh2 47. Ra4 Rh6 48. Kd5 1/2-1/2

[Event "IV Open I Like Elo"]
[Site "Roma ITA"]
[Date "2009.06.03"]
[Round "5"]
[White "Bogosaljevic, Miodrag"]
[Black "De Maria, Isaia"]
[Result "0-1"]
[WhiteElo "2030"]
[BlackElo "1884"]
[PlyCount "90"]
[EventDate "2009.05.06"]

1. e4 c5 2. Nf3 Nc6 3. d4 cxd4 4. Nxd4 g6 5. c4 Bg7 6. Be3 Nf6 7. Nc3 O-O 8.
Be2 d6 9. O-O Bd7 10. f3 Nxd4 11. Bxd4 a5 12. Qd2 Bc6 13. a4 Nd7 14. Be3 Nc5
15. Ra3 Qd7 16. Nb5 b6 17. Rd1 Qb7 18. Bd3 Bxb5 19. axb5 Rac8 20. Bb1 Rc7 21.
Bh6 Rfc8 22. Bxg7 Kxg7 23. h4 h5 24. g4 hxg4 25. fxg4 Rh8 26. h5 Qc8 27. Rg3
Qe6 28. Rf1 Qe5 29. Qe3 Rcc8 30. Rgf3 f6 31. R1f2 Rh6 32. g5 Rxh5 33. gxf6+
exf6 34. Rxf6 Qxf6 35. Rxf6 Kxf6 36. Qf4+ Ke7 37. Bc2 Rch8 38. Qg3 Rh1+ 39. Kg2
R8h2+ 40. Qxh2 Rxh2+ 41. Kxh2 Kf6 42. Kg3 Ke5 43. Kf3 Kd4 44. b3 Kc3 45. e5
Kxc2 0-1

[Event "IV Open I Like Elo"]
[Site "Roma ITA"]
[Date "2009.06.03"]
[Round "5"]
[White "Capitani, Roberto"]
[Black "Festa, Simone"]
[Result "0-1"]
[WhiteElo "1596"]
[BlackElo "1383"]
[PlyCount "68"]
[EventDate "2009.05.06"]

1. e4 b6 2. Nc3 Bb7 3. Bc4 e6 4. Nf3 Be7 5. O-O Nc6 6. d4 Na5 7. Bb3 Nxb3 8.
axb3 c6 9. Bf4 d6 10. d5 e5 11. dxc6 Bxc6 12. Bg3 Nf6 13. Re1 a5 14. Nd5 b5 15.
c4 b4 16. Bh4 Nxd5 17. exd5 Bd7 18. Bxe7 Qxe7 19. Nd4 Qg5 20. Re3 h5 21. Nc6 h4
22. Qe1 h3 23. g3 Rh5 24. Nxa5 Kf8 25. Qxb4 Qf6 26. Qb7 Qd8 27. Qb4 Bg4 28. Qc3
Qf6 29. b4 Rf5 30. Rf1 Rf3 31. c5 Rxe3 32. fxe3 Qg6 33. Nb7 Qe4 34. Rf2 Ra1+
0-1

[Event "IV Open I Like Elo"]
[Site "Roma ITA"]
[Date "2009.06.03"]
[Round "5"]
[White "Carotenuto, Piero"]
[Black "Roberti, Bruno"]
[Result "0-1"]
[WhiteElo "1724"]
[BlackElo "1969"]
[PlyCount "130"]
[EventDate "2009.05.06"]

1. e4 e5 2. Nf3 Nc6 3. Bb5 Nf6 4. O-O Nxe4 5. Re1 Nd6 6. Nxe5 Be7 7. Bf1 Nxe5
8. Rxe5 O-O 9. Nc3 Bf6 10. Re1 Nf5 11. Nd5 d6 12. c3 Be6 13. Nxf6+ Qxf6 14. d4
Nh4 15. Qh5 h6 16. Re4 Ng6 17. Bd2 d5 18. Re3 Rfe8 19. Rae1 c6 20. g3 Bd7 21.
Rf3 Qd8 22. Rxe8+ Qxe8 23. Re3 Qc8 24. Bd3 Bg4 25. Re8+ Qxe8 26. Qxg4 Rd8 27.
h4 Kh8 28. h5 Nf8 29. Bf4 Qe6 30. Bf5 Qf6 31. Qh3 Qe7 32. Qg4 Re8 33. Be3 Qf6
34. Kg2 Ne6 35. Bd3 Ng5 36. Bf5 Ne4 37. Bxe4 Rxe4 38. Qc8+ Kh7 39. Qxb7 Re7 40.
Qc8 Qe6 41. Qd8 Rb7 42. b4 Qe7 43. Qxe7 Rxe7 44. Kf3 f6 45. a4 Kg8 46. a5 a6
47. Bd2 Kf7 48. Be3 Ke6 49. Bd2 Kf5 50. g4+ Ke6 51. Be3 Kf7 52. Bd2 g5 53. Be3
f5 54. gxf5 Kf6 55. Kg2 Kxf5 56. Kf3 Re4 57. Kg3 Rg4+ 58. Kf3 Rh4 59. Kg3 Rxh5
60. Kg2 Ke4 61. Kg3 Rh4 62. Bc1 Kd3 63. f4 Rh1 64. Kg2 Rxc1 65. f5 Ke2 0-1

[Event "IV Open I Like Elo"]
[Site "Roma ITA"]
[Date "2009.06.03"]
[Round "5"]
[White "Casella, Carlo"]
[Black "Pipitone, Filippo Massimo"]
[Result "1-0"]
[WhiteElo "1607"]
[BlackElo "1468"]
[PlyCount "103"]
[EventDate "2009.05.06"]

1. e4 c5 2. Nf3 e6 3. g3 Qc7 4. Bg2 Nc6 5. O-O Nf6 6. Re1 Be7 7. c3 O-O 8. d4
cxd4 9. cxd4 d6 10. Nc3 a6 11. d5 Nb8 12. Bd2 e5 13. Rc1 Qd8 14. Qb3 Nbd7 15.
a4 Nc5 16. Qc2 Bd7 17. b4 Ncxe4 18. Nxe4 Nxd5 19. Qb3 Nc7 20. Nc3 Be6 21. Qb2
f5 22. Red1 e4 23. Nd4 Bd7 24. Be3 Ne6 25. Nxe6 Bxe6 26. Nd5 Bxd5 27. Rxd5 g6
28. Bf1 h5 29. Qb3 Kh7 30. b5 g5 31. Qc3 f4 32. Bd4 Qd7 33. Qc7 Qe6 34. Rxg5
Rac8 35. Rg7+ Kh6 36. Qxe7 Qxe7 37. Rxe7 Rxc1 38. Bg7+ Kg5 39. Bxf8 axb5 40.
axb5 d5 41. Re5+ Kg4 42. Rxd5 fxg3 43. hxg3 e3 44. fxe3 Kxg3 45. Rxh5 Re1 46.
Bh6 Kg4 47. Re5 Kf3 48. Re7 Rb1 49. Rxb7 Ke4 50. b6 Kd5 51. Bf4 Kc6 52. Rb8 1-0

[Event "IV Open I Like Elo"]
[Site "Roma ITA"]
[Date "2009.06.03"]
[Round "5"]
[White "Colantonio, Marco"]
[Black "Maggi, Luigi"]
[Result "0-1"]
[WhiteElo "1692"]
[BlackElo "1876"]
[PlyCount "36"]
[EventDate "2009.05.06"]

1. e4 e6 2. d4 d5 3. Nc3 Bb4 4. a3 Bxc3+ 5. bxc3 dxe4 6. Qg4 Nf6 7. Qxg7 Rg8 8.
Qh6 Nbd7 9. Ne2 b6 10. g3 Bb7 11. Bg2 Qe7 12. Bb2 O-O-O 13. O-O-O Ng4 14. Qf4
f5 15. Rdf1 Ba6 16. Re1 Ndf6 17. f3 Nd5 18. Qd2 e3 0-1